00820nam a2200241 450000100060000000300080000600500170001400800410003103500190007204000260009104100080011708200200012510000250014524500880017026000420025830000360030050400200033665000240035670000320038094200120041299900170042495201370044135356BD-RjUL20211209052315.0140524s1956 nyua|||| |||| 001 0 eng d a(BD-RjUL)35450 aBD-RjULbengcBD-RjUL aeng a519.2bNEF 19561 aNeter, John.9107129 aFundamental statistics for business and economics /cJohn Neter, William Wasserman. aNew York :bAllyn and Bacon, cc1956. axiv, 638 p. :billus. ;c24 cm. aIncludes index. 0aStatistics.9107718 aWasserman, William.9107719 2ddccBK c35356d35356 00102ddc40718NFICaRUCLbRUCLcReadingd1967-10-24eAsia Foundationl0o519.5 NEF 1956r2014-05-24 00:00:00tC-1w2021-12-09yBK